Detalles MARC
| 000 -CABECERA |
| campo de control de longitud fija |
01555nam a2200337 i 4500 |
| 001 - NÚMERO DE CONTROL |
| campo de control |
000016340 |
| 003 - IDENTIFICADOR DEL NÚMERO DE CONTROL |
| campo de control |
DO-SdBNP |
| 005 - FECHA Y HORA DE LA ÚLTIMA TRANSACCIÓN |
| campo de control |
20250130133959.0 |
| 007 - CAMPO FIJO DE DESCRIPCIÓN FÍSICA--INFORMACIÓN GENERAL |
| campo de control de longitud fija |
ta |
| 008 - DATOS DE LONGITUD FIJA--INFORMACIÓN GENERAL |
| campo de control de longitud fija |
100303s1984 dr 000 0 spa d |
| 040 ## - FUENTE DE LA CATALOGACIÓN |
| Centro catalogador/agencia de origen |
DO-SdBNP |
| Lengua de catalogación |
spa |
| Centro/agencia transcriptor |
BNPHU |
| Normas de descripción |
rda |
| 082 ## - NÚMERO DE LA CLASIFICACIÓN DECIMAL DEWEY |
| Número de clasificación |
xxx |
| Número de documento/Ítem |
C172e |
| 100 ## - ENTRADA PRINCIPAL--NOMBRE DE PERSONA |
| Nombre de persona |
Guzmán de Camacho, Ana Dolores |
| 9 (RLIN) |
12351 |
| Fechas asociadas al nombre |
1963- |
| 245 10 - MENCIÓN DE TÍTULO |
| Título |
Evaluación Educativa : |
| Resto del título |
cuaderno pedagógico / |
| Mención de responsabilidad, etc. |
Ana Dolores de Camacho, Josefina Mercedes de Cotes, Socorro Hernández, Alejandrina Germán, Israel Eduardo Contreras Fani |
| 250 ## - MENCIÓN DE EDICIÓN |
| Mención de edición |
2da. edición |
| 264 #1 - PRODUCCIÓN, PUBLICACIÓN, DISTRIBUCIÓN, FABRICACIÓN Y COPYRIGHT |
| Producción, publicación, distribución, fabricación y copyright |
Santo Domingo : |
| Nombre del de productor, editor, distribuidor, fabricante |
Editora Universitaria, |
| Fecha de producción, publicación, distribución, fabricación o copyright |
1984. |
| 300 ## - DESCRIPCIÓN FÍSICA |
| Extensión |
202 páginas |
| Dimensiones |
27 cm. |
| 336 ## - TIPO DE CONTENIDO |
| Fuente |
rdacontent |
| Término de tipo de contenido |
texto |
| Código de tipo de contenido |
txt |
| 337 ## - TIPO DE MEDIO |
| Fuente |
rdamedia |
| Nombre/término del tipo de medio |
sin medición |
| Código del tipo de medio |
n |
| 338 ## - TIPO DE SOPORTE |
| Fuente |
rdacarrier |
| Nombre/término del tipo de soporte |
volumen |
| Código del tipo de soporte |
nc |
| 500 ## - NOTA GENERAL |
| Nota general |
Facultad de Humanidades. Departamento de Pedagogía. |
| 504 ## - NOTA DE BIBLIOGRAFÍA, ETC. |
| Nota de bibliografía, etc. |
Bibliografía p: 199-202 |
| 505 ## - NOTA DE CONTENIDO CON FORMATO |
| Información miscelánea |
Tema I -- |
| Título |
Visión preliminar de la necesidad de la evaluación -- |
| Información miscelánea |
Tema II -- |
| Título |
Naturaleza y ámbito de la evaluación -- |
| Información miscelánea |
Tema III -- |
| Título |
Rendimiento escolar -- |
| Información miscelánea |
Tema IV -- |
| Título |
Las pruebas: instrumento de medición -- |
| Información miscelánea |
Tema V -- |
| Título |
Técnicas para evaluar el dominio afectivo y el psicomotor -- |
| Información miscelánea |
Tema VI -- |
| Título |
La promoción y las calificaciones / |
| 590 ## - NOTA LOCAL (RLIN) |
| Nota local |
Inventariado 2023/ YL |
| 700 12 - PUNTO DE ACCESO ADICIONAL--NOMBRE DE PERSONA |
| Nombre de persona |
Cotes, Josefina Mercedes de |
| 9 (RLIN) |
36448 |
| Término indicativo de función/relación |
Autora |
| 700 12 - PUNTO DE ACCESO ADICIONAL--NOMBRE DE PERSONA |
| Nombre de persona |
Hernández, Socorro |
| 9 (RLIN) |
36449 |
| Término indicativo de función/relación |
Autora |
| 700 12 - PUNTO DE ACCESO ADICIONAL--NOMBRE DE PERSONA |
| Nombre de persona |
Germán de Sosa, Alejandrina |
| 9 (RLIN) |
36450 |
| Término indicativo de función/relación |
Autora |
| 700 12 - PUNTO DE ACCESO ADICIONAL--NOMBRE DE PERSONA |
| Nombre de persona |
Contreras Fani, Israel Eduardo |
| 9 (RLIN) |
36451 |
| Término indicativo de función/relación |
Autor |
| 910 ## - DATOS DE OPCIÓN DEL USUARIO (OCLC) |
| Datos de opción del usuario |
YLockward |
| 942 ## - ELEMENTOS DE PUNTO DE ACCESO ADICIONAL (KOHA) |
| Fuente del sistema de clasificación o colocación |
Dewey Decimal Classification |
| Tipo de ítem Koha |
Libro |